| 000 | 00820nam a2200205 i 4500 | ||
|---|---|---|---|
| 001 | 162432 | ||
| 003 | ES-MaACL | ||
| 005 | 20250811063158.0 | ||
| 008 | 931025s1778 sp a |||| | spa d | ||
| 100 | 1 |
_aPonz, Antonio, _d1725-1792 _993069 |
|
| 245 | 1 | 0 |
_aViage de España _b: en que se da noticia de las cosas mas apreciables y dignas de saberse ... / _csu autor D. Antonio Ponz ... ; tomo septimo. |
| 260 |
_aMadrid : _bpor D. Joachin Ibarra..., _c1778. |
||
| 300 |
_a[2], XXVI, 240 p., [3] h. de grab. ; _c8º (16 cm) |
||
| 596 | _aMarca de imp. en port. | ||
| 597 | _aSign.: a6, b8, A-P8. | ||
| 599 | _aLas [3] h. de grab. son calc. entre p. XXVI y 1, 82 y 83, 86 y 87. | ||
| 650 |
_aExtremadura- _xDescripción. _9223665 |
||
| 852 |
_aES-MaACL _jR-468-85 _z-- Enc. piel |
||
| 999 |
_c162432 _d162432 |
||